000 00282nam a22001217a 4500
008 230907b ||||| |||| 00| 0 eng d
041 _aeng
080 _a101
100 _a101THO
101 _aFILOZ
245 _aPRINCIPIES OF MECHANICS AND DYNAMICS
_cTHOMSON .W
942 _2udc
_cBK
999 _c60283
_d60283